| 000 | 00808nam a22002175i 4500 | ||
|---|---|---|---|
| 001 | 154977 | ||
| 003 | ES-MaACL | ||
| 005 | 20251124063456.0 | ||
| 008 | 990701s1886 sp |||| | spa d | ||
| 040 |
_aAS _bspa _cCCPB | 3D |
||
| 100 | 1 |
_aGutiérrez, Marcelino, _cO.S.A. _9127667 |
|
| 245 | 1 | 3 |
_aEl misticismo ortodoxo en sus relaciones con la filosofía / _cpor Marcelino Gutiérrez. |
| 260 |
_aValladolid : _b[s.n.], _c1886 ( _fImp. lib. y estereo-galvanoplastia de Luis N. de Gaviria) |
||
| 300 |
_aXXII, 376 p. ; _c17 cm. |
||
| 490 | 1 | _aBiblioteca de "La revista agustiniana" | |
| 650 |
_aMisticismo. _915086 |
||
| 752 |
_aEspaña - _dValladolid |
||
| 830 | 0 |
_aBiblioteca de "La revista agustiniana" _9188288 |
|
| 852 |
_aES-MaACL _jG-8848 _z-- Enc. pasta |
||
| 999 |
_c154977 _d154977 |
||